Firmy a kapitálový trh Príloha Trendu

Pravidelná príloha. Slovensko zvažuje ponuky na financovanie jadrovej elektrárne. Nový dopyt tlačí ceny akcií vo východnej Európe nahor. České banky majú veľa a nedostatočne vzdelaných pracovníkov. Týždeň od 18.9. do 22.9.1995: RM-Systém Slovakia, BOB Bratislava, BCP Bratislava. Ropa a ropné produkt...

Description complète

Enregistré dans:
Détails bibliographiques
Format: Chapitre de livre
Langue:slovaque
Sujets:
Tags: Ajouter un tag
Pas de tags, Soyez le premier à ajouter un tag!

MARC

LEADER 00000naa a2200000 4500
001 r018256
005 20221205102941.8
041 0 |a slo 
044 |a SK 
245 1 0 |a Firmy a kapitálový trh  |b Príloha Trendu 
520 |a Pravidelná príloha. Slovensko zvažuje ponuky na financovanie jadrovej elektrárne. Nový dopyt tlačí ceny akcií vo východnej Európe nahor. České banky majú veľa a nedostatočne vzdelaných pracovníkov. Týždeň od 18.9. do 22.9.1995: RM-Systém Slovakia, BOB Bratislava, BCP Bratislava. Ropa a ropné produkty na svetových energetických burzách. Komodity - farebné kovy a kukurica. 
610 2 0 |a Slovensko 
610 2 0 |a BOB Bratislava 
610 2 0 |a BCP Bratislava 
610 2 0 |a RM-Systém Slovakia 
610 2 0 |a elektrárne atómové 
610 2 0 |a akcie 
610 2 0 |a banky 
610 2 0 |a pracovníci kvalifikovaní 
610 2 0 |a burzy 
610 2 0 |a energetika 
610 2 0 |a ropa 
610 2 0 |a komodity 
610 2 0 |a kukurica 
610 2 0 |a kovy farebné 
610 2 0 |a východná Európa 
610 2 0 |a Česko 
610 2 0 |a trh kapitálový 
610 2 0 |a firmy